| 000 | 00603nam a2200181 i 4500 | ||
|---|---|---|---|
| 001 | 51406 | ||
| 003 | ES-MaACL | ||
| 005 | 20230906162345.0 | ||
| 007 | t| | ||
| 008 | 030812s1918 fr ||||1| fre d | ||
| 100 | 1 |
_aDakin, Henry Drysdale. _942465 |
|
| 245 | 1 | 0 |
_aManuel des antiseptiques / _cpar Henry Drysdale Dakin et Edward Kellogg Dunham ; traduit de l'anglais par M. Daufresne. |
| 260 |
_a[S.l. : _bVigot Frères, _c1918] ( _eCoulommiers : _fDessaint) |
||
| 300 |
_a148 p. ; _c20 cm. |
||
| 700 | 1 |
_aDunham, Edward Kellogg. _946040 |
|
| 700 | 1 |
_aDaufresne, M. _942814 |
|
| 852 |
_aES-MaACL _jB-11782 |
||
| 999 |
_c51406 _d51406 |
||